El puente de hierro de Logroño : (Record no. 179958)
[ view plain ]
| 000 -LEADER | |
|---|---|
| campo de control de longitud fija | 01353nam a2200301 4500 |
| 001 - NÚMERO DE CONTROL | |
| campo de control | 179958 |
| 003 - IDENTIFICADOR DE NÚMERO DE CONTROL | |
| campo de control | ES-MaACL |
| 005 - FECHA Y HORA DE LA ÚLTIMA TRANSACCIÓN | |
| campo de control | 20250927155407.0 |
| 008 - DATOS DE LONGITUD FIJA--INFORMACIÓN GENERAL | |
| campo de control de longitud fija | 120307s2011 sp a |||| | spa d |
| 020 ## - NÚMERO INTERNACIONAL ESTÁNDAR DEL LIBRO | |
| Número Internacional Estándar del Libro | 978-84-615-2384-9 (Fundación Práxedes Mateo-Sagasta) |
| 020 ## - NÚMERO INTERNACIONAL ESTÁNDAR DEL LIBRO | |
| Número Internacional Estándar del Libro | 978-84-9960-017-8 (Instituto de Estudios Riojanos) |
| 080 ## - NÚMERO DE LA CLASIFICACIÓN DECIMAL UNIVERSAL | |
| Número de la Clasificación Decimal Universal | 624.21.014(460.21 L.) |
| 245 03 - MENCIÓN DEL TÍTULO | |
| Título | El puente de hierro de Logroño : |
| Resto del título | Sagasta y las obras públicas en el siglo XIX / |
| Mención de responsabilidad, etc. | Mª Begoña Arrúe Ugarte, Leonardo Fernández Troyano, Mª Jesús Martínez Ocio ... [et al.]. |
| 246 35 - FORMA VARIANTE DEL TITULO | |
| Texto de visualización | Tít. del CD-ROM |
| Título propio/Titulo breve | Apéndices |
| 250 ## - MENCION DE EDICION | |
| Mención de edición | 1ª ed. |
| 260 ## - PUBLICACIÓN, DISTRIBUCIÓN, ETC. | |
| Lugar de publicación, distribución, etc. | Logroño : |
| Nombre del editor, distribuidor, etc. | Fundación Práxedes Mateo-Sagasta : |
| -- | Instituto de Estudios Riojanos, |
| Fecha de publicación, distribución, etc. | 2011. |
| 300 ## - DESCRIPCIÓN FÍSICA | |
| Extensión | 296 p. : |
| Otras características físicas | il. col. y n., mapas, planos ; |
| Dimensiones | 28 cm + |
| Material acompañante/anejo | 1 CD-ROM. |
| 500 ## - NOTA GENERAL | |
| Nota general | En port.: Consejería de Vivienda y Obras Públicas del Gobierno de la Rioja. |
| 600 14 - PUNTO DE ACCESO ADICIONAL DE MATERIA--NOMBRE DE PERSONA | |
| Nombre de persona | Mateo Sagasta, Práxedes, |
| Fechas asociadas al nombre | 1825-1903 |
| 9 (RLIN) | 101421 |
| 650 #4 - PUNTO DE ACCESO ADICIONAL DE MATERIA--TÉRMINO DE MATERIA | |
| Término de materia o nombre geográfico como elemento de entrada | Puentes metálicos- |
| Subdivisión geográfica | Logroño. |
| 9 (RLIN) | 149534 |
| 700 1# - ENTRADA AGREGADA--NOMBRE PERSONAL | |
| Nombre de persona | Arrúe Ugarte, Begoña, |
| Fechas asociadas al nombre | 1955- |
| 9 (RLIN) | 149535 |
| 710 2# - ENTRADA AGREGADA--NOMBRE DE ENTIDAD CORPORATIVA | |
| Nombre de entidad corporativa o nombre de jurisdicción como elemento de entrada | Fundacion Práxedes Mateo Sagasta. |
| 9 (RLIN) | 4396 |
| 852 ## - LOCALIZACIÓN | |
| Ubicación | ES-MaACL |
| itemnumber | 186864 |
| Sublocalización o colección | R.148288 |
| Número de control de estantería | A-12041 |
| Signatura antigua | Olim: N-5046 |
| Ubicación en estantería | Depósito 1 |
| 852 ## - LOCALIZACIÓN | |
| Ubicación | ES-MaACL |
| Número de control de estantería | ROT 6/2/4 |
| 942 ## - ELEMENTOS DE ENTRADA SECUNDARIOS (KOHA) | |
| Fuente del sistema de clasificación o colocación | Clasificación decimal universal |
| Tipo de ítem Koha | Libro impreso |
| Estatus retirado | Estado de pérdida | Fuente del sistema de clasificación o colocación | Estado de daño | No para préstamo | Biblioteca de origen | Biblioteca actual | Ubicación en estantería | Fecha de adquisición | Fuente de adquisición | Total de préstamos | Signatura topográfica completa | Código de barras | Visto por última vez | Precio de reemplazo | Tipo de ítem Koha |
|---|---|---|---|---|---|---|---|---|---|---|---|---|---|---|---|
| Clasificación decimal universal | Biblioteca del Ateneo de Madrid | Biblioteca del Ateneo de Madrid | Depósito 1 | 07/03/2012 | Donación | A-12041 | 1189059 | 23/02/2023 | 23/02/2023 | Libro impreso | |||||
| Clasificación decimal universal | Biblioteca del Ateneo de Madrid | Biblioteca del Ateneo de Madrid | Depósito | 14/05/2018 | ROT 6/2/4 | 1198833 | 23/02/2023 | 23/02/2023 | Archivo de ordenador en CD-ROM, CD o disquete |
